000 01245nam a22002057a 4500
999 _c62525
_d62525
005 20241128151413.0
008 241128s2019 ru ||||| |||| 00| 0 rus d
020 _a9785001462880X
041 _arus
080 _a159.952 Д-40
100 _aДжеймс Нин
_eАвтор
_923820
245 _aВнимание самому важному=Attention Pays How to Drive Profitability, Productivity, and Accountability:
_bОт стресса и хаоса к осмысленности и концентрации /
_c Нин Джеймс, пер. с анг. М. Сухотиной
264 _aМщсква :
_bМанн, Иванов и Фербер,
_c2019.
300 _a240 c;.
_b23 cm.
653 _aВнимание самому важному. От стресса и хаоса к осмысленности и концентрации
653 _aფოკუსირება იმაზე, რაც ყველაზე მნიშვნელოვანია. სტრესიდან და ქაოსიდან აზრამდე და ფოკუსამდე
653 _aფსიქოლოგია
700 _aСухотиной, М.
_eმთარგმნელი
_923821
942 _2udc
_cBK